000 00480nam a2200157 i 4500
001 20791
003 ES-MaACL
005 20230906152349.0
007 t|
008 021118s1957 sp ||||1| spa d
100 1 _aAizpun Tuero, Rafael.
_919018
245 1 3 _aLa representación sucesoria en el Derecho civil de Navarra /
_cRafael Aizpum Tuero.
260 _aPamplona :
_bStudium Generale,
_c1957 (
_fGómez)
300 _a131 p. ;
_c22 cm.
852 _aES-MaACL
_jC-13602
_bR.41172
999 _c20791
_d20791